BIBLIOTHÈQUE DE LA MAISON DU MEXIQUE

Logo 1 Logo 2

El placer del chile (notice nᵒ 8715)

détails MARC
000 -Sello discográfico
campo de control de longitud fija 01017nam a2200337 4500
005 - Identificación de versión
campo de control 20251016085047.0
010 ## - Número Estándar Internacional de Libros (ISBN)
Número (ISBN) 970-663-011-2
099 ## - fechas locales
Tipo de ítem Koha LIBRO
100 ## - Datos de procesamiento general
Datos de procesamiento general 20021126d1998 m y1spay5003 ba
105 ## - Campo de datos codificados: Material textual, monográfico
Datos codificados de monografía a 001zy
200 1# - Título y mención de responsabilidad
Título propio El placer del chile
Designación general del material texto impreso
Primer mención de responsabilidad Janet Long Solís, Manuel Alvarez, Aranzazú Camarena
205 ## - Declaración de edición
Declaración de edición 1a ed
210 ## - Publicación, distribución, etc.
Lugar de publicación, distribución, etc. México
Nombre del editor, distribuidor, etc. Editorial Clío
Fecha de publicación, distribución, etc. 1998
215 ## - Descripción física
Designación de material específico y extensión del ítem 95 p
Otras características físicas fotos
Dimensiones 28 cm
320 ## - Nota de índices/bibliografías internas
Texto de la nota Bibliografía: p.95
345 ## - Nota de información de adquisición
Fuente de adquisición/dirección de la suscripción [OBSOLETO] Donación
410 #1 - Series
Título La cocina mexicana a través de los siglos
Nombre de parte o sección Segunda serie
606 ## - Término temático usado como materia
Elemento de entrada Cocina (Chile)
Número Koha 1151
606 ## - Término temático usado como materia
Elemento de entrada Cocina mexicana
Número Koha 574
660 ## - Código de área geográfica
Código MX
700 ## - Nombre personal - Responsabilidad primaria
Elemento de entrada Long Solís
Parte del nombre distinta del elemento de entrada Janet
Número Koha 14728
701 ## - Nombre personal - Responsabilidad alternativa
Elemento de entrada Alvarez
Parte del nombre distinta del elemento de entrada Manuel
Número Koha 14729
701 ## - Nombre personal - Responsabilidad alternativa
Elemento de entrada Camarena Obeso
Parte del nombre distinta del elemento de entrada María Aranzazú
Número Koha 14730
801 #0 - Fuente de origen
Agencia cm
900 ## -
-- 1/3035
900 ## -
-- 7100214824\261102
942 ## - ELEMENTOS DE ENTRADA SECUNDARIOS (KOHA)
Tipo de ítem Koha Livre
996 ## -
-- MEX
-- 751145101
-- MMAG
-- 000191
-- 641.59 L849P
-- 20180914LIV
Exemplaires
Estatus retirado Estado de daño Estado de pérdida Fecha de adquisición Biblioteca de origen Biblioteca actual Ubicación en estantería Código de barras Precio de reemplazo Signatura topográfica completa No para préstamo Tipo de ítem Koha Nota pública Nota no pública
      05/08/2025 Casa México Paris Casa México Paris   000191 05/08/2025 641.59 L849P   Livre 20180914LIV 751145101